000 00548nam a2200169Ia 4500
008 090201s9999 xx 000 0 und d
010 _aKPL-34551
040 _bमराठी
041 _aमराठी
082 _a15962
_b34551
100 _aसरोजिनी शारंगपाणी
245 _aपरिवर्तन
_cसरोजिनी शारंगपाणी
260 _c2004
_bसदानंद प्रकाशन
300 _a204
_bमोठा
600 _aपरिवर्तन
942 _cBOOK
999 _c216041
_d216041